All Stanley cup champions - Statistiques

Statistiques générales
  • Ce quiz a été pris 62 fois
  • Le résultat moyen est 85 sur 98
Statistiques - réponses
ans Stanley cup champ. % Correct
1993 Canadiens
98%
1986 Canadiens
98%
1979 Canadiens
98%
1978 Canadiens
98%
1977 Canadiens
98%
1976 Canadiens
98%
1973 Canadiens
98%
1971 Canadiens
98%
1969 Canadiens
98%
1968 Canadiens
98%
1966 Canadiens
98%
1965 Canadiens
98%
1960 Canadiens
98%
1959 Canadiens
98%
1958 Canadiens
98%
1957 Canadiens
98%
1956 Canadiens
98%
1953 Canadiens
98%
1946 Canadiens
98%
1944 Canadiens
98%
1931 Canadiens
98%
1930 Canadiens
98%
2024 Panthers
93%
2023 Golden Knights
90%
1990 Oilers
90%
1988 Oilers
90%
1987 Oilers
90%
1985 Oilers
90%
1984 Oilers
90%
1994 Rangers
90%
1940 Rangers
90%
1933 Rangers
90%
1928 Rangers
90%
2021 Lightning
88%
2020 Lightning
88%
2004 Lightning
88%
1967 Maple Leafs
88%
1964 Maple Leafs
88%
1963 Maple Leafs
88%
1962 Maple Leafs
88%
1951 Maple Leafs
88%
1949 Maple Leafs
88%
1948 Maple Leafs
88%
1947 Maple Leafs
88%
1945 Maple Leafs
88%
1942 Maple Leafs
88%
1932 Maple Leafs
88%
2005 N/A
88%
2022 Avalanche
85%
2001 Avalanche
85%
1996 Avalanche
85%
2015 Blackhawks
85%
2013 Blackhawks
85%
2010 Blackhawks
85%
1961 Blackhawks
85%
1938 Blackhawks
85%
1934 Blackhawks
85%
2008 Red Wings
85%
2002 Red Wings
85%
1998 Red Wings
85%
1997 Red Wings
85%
1955 Red Wings
85%
1954 Red Wings
85%
1952 Red Wings
85%
1950 Red Wings
85%
1943 Red Wings
85%
1937 Red Wings
85%
1936 Red Wings
85%
2019 Blues
83%
2011 Bruins
83%
1972 Bruins
83%
1970 Bruins
83%
1941 Bruins
83%
1939 Bruins
83%
1929 Bruins
83%
2003 Devils
83%
2000 Devils
83%
1995 Devils
83%
1983 Islanders
83%
1982 Islanders
83%
1981 Islanders
83%
1980 Islanders
83%
2017 Penguins
83%
2016 Penguins
83%
2009 Penguins
83%
1992 Penguins
83%
1991 Penguins
83%
1999 Stars
83%
2018 Capitals
80%
2014 Kings
80%
2012 Kings
80%
2007 Ducks
78%
2006 Hurricanes
75%
1975 Flyers
73%
1974 Flyers
73%
1989 Flames
70%
1927 Senators
65%
1935 Maroons
43%
Aucun quiz correspondant
Distribution des résultats
% des personnes avec chaque résultat
Percentile par nombre de réponses
Votre historique - résultats
Vous n’avez pas pris ce quiz